LEADER 02786oam 2200589 a 450 001 9910695371703321 005 20060926115723.0 035 $a(CKB)5470000002369031 035 $a(OCoLC)70119645 035 $a(EXLCZ)995470000002369031 100 $a20060323d2006 ua 0 101 0 $aeng 135 $aurcn| ||||| 181 $ctxt$2rdacontent 182 $cc$2rdamedia 183 $acr$2rdacarrier 200 10$aIdentification of Sildenafil (Viagra) and its metabolite (UK-103,320) in six aviation fatalities$b[electronic resource] $efinal report /$fRobert D. Johnson, Russell J. Lewis 210 1$aWashington, D.C. :$cFederal Aviation Administration, Office of Aerospace Medicine ;$aFt. Belvoir, VA :$cAvailable to the public through the Defense Technical Information Center ;$aSpringfield, Va. :$cAvailable to the public through the National Technical Information Service,$d[2006] 215 $ai, 11 pages $cdigital, PDF file 300 $aTitle from PDF cover (viewed on June 7, 2006). 300 $a"DOT/FAA/AM-06/3." 300 $a"February 2006." 320 $aIncludes bibliographical references. 330 3 $aThis report presents a rapid and reliable method for the identification and quantitation of sildenafil and its active metabolite UK-103,320 in postmortem fluid and tissue specimens collected from 6 fatal aviation accident victims. The FAA is responsible for investigating "general aviation and air carrier accidents and search for biomedical and clinical causes of the accidents, including evidence of ... chemical [use]." 517 $aIdentification of Sildenafil 606 $aAircraft accidents$xHuman factors 606 $aSildenafil 606 $aPiperazines$xanalysis 606 $aVasodilator Agents$xanalysis 606 $aAccidents, Aviation 606 $aChromatography, High Pressure Liquid$xmethods 606 $aMass Spectrometry$xmethods 608 $aTechnical Report. 615 0$aAircraft accidents$xHuman factors. 615 0$aSildenafil. 615 12$aPiperazines$xanalysis. 615 12$aVasodilator Agents$xanalysis. 615 22$aAccidents, Aviation. 615 22$aChromatography, High Pressure Liquid$xmethods. 615 22$aMass Spectrometry$xmethods. 700 $aJohnson$b Robert D$g(Robert David),$f1974-$01382527 701 $aLewis$b Russell J$01382528 712 02$aUnited States.$bOffice of Aerospace Medicine. 712 02$aUnited States.$bFederal Aviation Administration. 712 02$aCivil Aerospace Medical Institute. 801 0$bNLM 801 1$bNLM 801 2$bGPO 906 $aBOOK 912 $a9910695371703321 996 $aIdentification of Sildenafil (Viagra) and its metabolite (UK-103,320) in six aviation fatalities$93429226 997 $aUNINA LEADER 03289nam 22005895 450 001 9910886993003321 005 20250701043200.0 010 $a9783031591938 010 $a3031591933 024 7 $a10.1007/978-3-031-59193-8 035 $a(MiAaPQ)EBC31653795 035 $a(Au-PeEL)EBL31653795 035 $a(CKB)34975852600041 035 $a(DE-He213)978-3-031-59193-8 035 $a(EXLCZ)9934975852600041 100 $a20240910d2025 u| 0 101 0 $aeng 135 $aurcnu|||||||| 181 $ctxt$2rdacontent 182 $cc$2rdamedia 183 $acr$2rdacarrier 200 10$aSilicon Components and Processes Self Study $eField-Effect Transistors /$fby Badih El-Kareh, Lou N. Hutter 205 $a1st ed. 2025. 210 1$aCham :$cSpringer Nature Switzerland :$cImprint: Springer,$d2025. 215 $a1 online resource (520 pages) 300 $aIncludes index. 311 08$a9783031591921 311 08$a3031591925 327 $aIntro -- Preface -- Contents -- Appendix A: Abbreviations, Acronyms -- Appendix B: List of Symbols -- Appendix C: Universal Physical Constants -- Appendix D: Properties of Silicon and Germanium -- Appendix E: Properties of SiO2 and Si3N4 (300 K) -- Appendix F: International System of Units, SI -- Appendix G: The Greek Alphabet -- Appendix H:Conversion Factors -- Appendix I: Periodic Table of the Elements -- Answers to Review Questions -- Solution Manual -- Index. 330 $aThis book is one of a series of five volumes forming an integrated, self-study course on silicon device physics, modes of operation, characterization, and fabrication. The series is based on many years of the author?s experience in academic and industrial teaching of semiconductors. The books are suitable for both class-teaching and self-study. The authors have designed the content to enable readers to be introduced gradually to semiconductors, in particular silicon components. The presentation includes many illustrations, practical examples, review questions and problems at the end of each chapter. Answers to review questions and solutions to problems will be provided for ?self-check?. Complements courses covering silicon device physics, mode of components, characterization, and fabrication; Enables comprehensive, self-study in semiconductors, aimed at practicing engineers or university students; Includes many illustrations, practical examples, review questions and problems at the end of each chapter. 606 $aElectronic circuits 606 $aElectronics 606 $aSolid state physics 606 $aElectronic Circuits and Systems 606 $aElectronics and Microelectronics, Instrumentation 606 $aElectronic Devices 615 0$aElectronic circuits. 615 0$aElectronics. 615 0$aSolid state physics. 615 14$aElectronic Circuits and Systems. 615 24$aElectronics and Microelectronics, Instrumentation. 615 24$aElectronic Devices. 676 $a621.3815284 700 $aEl-Kareh$b Badih$0720566 702 $aHutter$b Lou N. 801 0$bMiAaPQ 801 1$bMiAaPQ 801 2$bMiAaPQ 906 $aBOOK 912 $a9910886993003321 996 $aSilicon Components and Processes Self Study$94256396 997 $aUNINA